00583 2200193 4500001002100000005001500021035002000036007000300056008003900059082001700098084002400115100001200139245010400151260005300255300004000308650001100348600001700359022001300376INLIS00000000000115520250131092124 a0010-0125000038ta250131 | | |  a631.53-635.2 a631.53-635.2 SUG e0 aSugiono1 aEffect of storage time and soaking of natural growth regulators on true shallot seedling /cSugiono aUnited Kingdom, Bristol :bIOP Publishing,c2024 a1-9 hlm, :bIlus ;c21 cm x 29,7 cm 4aJurnal 4aBawang Merah a17551315